Volebné systémy a volebné právo v moderných demokraciách.
V stati sa pojednáva o existujúcich obmedzeniach vo financovaní činnosti politických strán v právnych poriadkoch niektorých štátov.
Guardado en:
| Autor principal: | |
|---|---|
| Formato: | Capítulo de libro |
| Lenguaje: | eslovaco |
| Materias: | |
| Etiquetas: |
Sin Etiquetas, Sea el primero en etiquetar este registro!
|
MARC
| LEADER | 00000naa a2200000 4500 | ||
|---|---|---|---|
| 001 | r008258 | ||
| 005 | 20220831085644.0 | ||
| 041 | 0 | |a slo | |
| 044 | |a [CS] | ||
| 245 | 1 | 0 | |a Volebné systémy a volebné právo v moderných demokraciách. |c P. Kresák |
| 520 | |a V stati sa pojednáva o existujúcich obmedzeniach vo financovaní činnosti politických strán v právnych poriadkoch niektorých štátov. | ||
| 610 | 2 | 0 | |a strany politické |
| 610 | 2 | 0 | |a financovanie |
| 610 | 2 | 0 | |a voľby |
| 610 | 2 | 0 | |a právo |
| 610 | 2 | 0 | |a demokracia |
| 100 | 1 | |a Kresák, P. | |